Traveling Logic Puzzle Quiz Stats

 Plays Quiz Updated Jul 16, 2015

Challenge
Share
Tweet
Score 0/40 Timer 20:00
26 Plays Today
Country Answer % Correct
China???
100%
Guatemala???
67.1%
Romania???
66.1%
Chile???
63.8%
DRC???
62%
SA???
59.9%
Philippines???
53.9%
Bangladesh???
53.7%
Argentina???
52.3%
UK???
52%
Thailand???
39.2%
Morocco???
37.1%
Ukraine???
35.9%
Colombia???
35.6%
Uganda???
35.5%
Spain???
35.4%
Venezuela???
33.1%
Canada???
30.1%
Poland???
29.8%
Peru???
29.2%
Country Answer % Correct
India???
24%
USA???
23.4%
Tanzania???
22.7%
Indonesia???
22.6%
Russia???
22.5%
Brazil???
22.2%
Iran???
20.8%
Mexico???
20.7%
Pakistan???
17.3%
Italy???
17.2%
Nigeria???
16.7%
Turkey???
16.4%
Germany???
16.1%
Vietnam???
16%
Japan???
15.4%
Ethiopia???
15.1%
France???
14.9%
Egypt???
13.3%
Kenya???
11.8%
Algeria???
10.2%

You're not logged in!

Compare scores with friends on all Sporcle quizzes.
OR
Log In

You Might Also Like...

Show Comments

Extras

Top Quizzes Today


Score Distribution

Your Account Isn't Verified!

In order to create a playlist on Sporcle, you need to verify the email address you used during registration. Go to your Sporcle Settings to finish the process.

Report this User

Report this user for behavior that violates our Community Guidelines.

Details: